Efektivní controlling nástroje a příklady /

Hlavní autor: Novák, Ivo
Další autoři: Kolář, Jan
Jazyk: Čeština
Vydáno: [S.l.] : Academy of Productivity and Innovations, [2009]
Témata:
Fyzický popis: 1 CD-ROM : barev. ; 12 cm
Elektronické zdroje
Uloženo v:
LEADER 01417nmm a2200373 a 4500
001 001081484
003 CZ BrMZK
005 20100311141935.0
006 m f d
007 co cg
008 100106s2009 xr e m cze
020 |q (CDR) 
040 |a BOA001  |b cze 
072 7 |a 005  |x Management. Řízení  |2 Konspekt  |9 4 
080 |a 005.5  |2 MRF 
080 |a (046)  |2 MRF 
080 |a (0.034.44)  |2 MRF 
100 1 |a Novák, Ivo  |4 aut 
245 0 0 |a Efektivní controlling  |h [elektronický zdroj] :  |b nástroje a příklady /  |c Ivo Novák, Jan Kolář 
256 |a Data (702 MB) 
260 |a [S.l.] :  |b Academy of Productivity and Innovations,  |c [2009] 
300 |a 1 CD-ROM :  |b barev. ;  |c 12 cm 
500 |a Název z tit. obrazovky 
500 |a CD je přílohou k článku Dr. Jana Koláře „Controlling a reporting z pohledu analytických nástrojů“ v časopisu Úspěch. Přiložené soubory a nástroje korespondují s obsahem tohoto článku 
538 |a Požadavky na systém: Adobe Acrobat Reader, Microsoft Office 
650 0 7 |a controlling  |7 ph114262  |2 czenas 
655 7 |a články  |7 fd133976  |2 czenas 
655 7 |a CD-ROM  |7 fd133955  |2 czenas 
700 1 |a Kolář, Jan  |4 aut 
910 2 |a BOA001  |b CDR-1233.897 
990 |a CF 
991 |g g 
991 |b 201003 
996 3 |b 2610405664  |c CDR-1233.897  |l Stud. periodik/2.patro  |r Sklad / do 1 hodiny  |n 3  |p p.v.  |w 001104286  |u 000010  |a 1  |e BOA001  |j MZK50  |s N